Comentarios a la Constitucin̤ Espaǫla de 1978 Tomo VI - Articulos 66 a 80 de la Constitucion Espaǫla de 1978

Detalles Bibliográficos
Autor Corporativo: Espaą. Cortes Generales (ed)
Otros Autores: Alzaga Villaamil, Oscar (Conductor), Rubio Llorente, Francisco
Formato: Desconocido
Lenguaje:español
Publicado: [Madrid] : Cortes Generales : EDERSA, cop.1998
Materias:
Acceso en línea:Acceso restringido

MARC

LEADER 00000ny a22000003n 4500
005 20110225124854.0
008 980929s1998 sp s 000 spa c
017 |a D.L. M40346-1996 
020 |a 8471309149 
035 |a 1630 
040 |a UMA.DER  |d vLex 
040 |a UMA.RE  |d vLex 
080 |a 342.4(460) 
090 |c 1212  |d 1212 
245 0 0 |a Comentarios a la Constitucin̤ Espaǫla de 1978  |h [Recurso electrn̤ico]  |c dirigidos por Oscar Alzaga Villaamil / Francisco Rubio LLorente...[et al.]  |p Tomo VI - Articulos 66 a 80 de la Constitucion Espaǫla de 1978 
256 |a Servicio en ln̕ea 
260 |a [Madrid] :  |b Cortes Generales :  |b EDERSA,  |c cop.1998 
300 |a 815 p. ; 
506 1 |a Contenido solo disponible en los productos indicados  |d vLex Global  |d vLex Global (Academic Edition, excluding Law Schools)  |d vLex Global (U.S. Academic Edition, Law Schools)  |d vLex Global (U.S. Academic Edition, excluding Law Schools)  |d vLex Global (Academic Edition, Law Schools) 
650 0 7 |2 Tesauro vLex  |a Derechos fundamentales 
651 0 7 |2 Tesauro vLex  |a Constitucional 
700 1 |a Alzaga Villaamil, Oscar,  |e dir 
700 1 |a Rubio Llorente, Francisco 
710 1 |a Espaą.  |b Cortes Generales,  |e ed 
740 0 |a vLex Libros (Servicios en ln̕ea) 
856 4 0 |z Acceso restringido  |u http://vlex.com/source/constitucion-espa-ola-comentarios-tomo-vii-1630 
942 |c BOOK